Datum a čas kvízu
22
Celkem bodů
Celkový počet nahraných bodů na tomto kvízu bez doplňovacích otázek.
6.
Pořadí na kvízu
Konečné umístění týmu na tomto kvízu.
Zaznamenané odpovědi
| # | Otázka | Odpověď | Body | Výsledky |
|---|---|---|---|---|
| 1. | Který český politik a lékař če... | Bohuslav Svoboda | 0 | |
| 2. | O víkendu se v Rusku konaly pr... | Poledne proti Putinovi | 0 | |
| 3. | Jak se nazývá soutěžní reality... | Peče celá země | 0 | |
| 4. | Některé provozovny jistého řet... | McDonald's | 1 | |
| 5. | K zajímavému hecování došlo v... | pizzu s ananasem | 0 | |
| 6. | Téma začneme v Evropě. Seřaďte... | 1B 2C 3D 4A | 0 | |
| 7. | Vůdcem Kuby byl několik deseti... | Raúl | 0 | |
| 8. | Jak se jmenuje tento živočich... | fosa | 1 | |
| 9. | Celkově kolikátou nejlidnatějš... | 4. nejlidnatější | 0 | |
| 10. | Jak se jmenuje ostrovní stát,... | Tonga | 0 |